ბათუმის შოთა რუსთაველის სახელმწიფო უნივერსიტეტის ბიბლიოთეკა

ყვავილთ ქება (ბიბ.ჩანაწერი № 48464)

000 -LEADER
fixed length control field 00626nam a2200193Ia 4500
001 - CONTROL NUMBER
control field 15358
003 - CONTROL NUMBER IDENTIFIER
control field GE_BSU
008 - FIXED-LENGTH DATA ELEMENTS--GENERAL INFORMATION
fixed length control field 181216s||||||||xx |||||||||||||| ||und||
040 ## - CATALOGING SOURCE
Transcribing agency GE_BSU
080 ## - UNIVERSAL DECIMAL CLASSIFICATION NUMBER
Universal Decimal Classification number 821.353.1-1
245 ## - TITLE STATEMENT
Title ყვავილთ ქება
245 ## - TITLE STATEMENT
Statement of responsibility, etc. შეადგ.მედეა ოყრეშიძემ. რედ. მ.ამაშუკელი. მხატვ. ო. ჯიშკარიანი
260 ## - PUBLICATION, DISTRIBUTION, ETC.
Place of publication, distribution, etc. თბილისი
260 ## - PUBLICATION, DISTRIBUTION, ETC.
Name of publisher, distributor, etc. ნაკადული
260 ## - PUBLICATION, DISTRIBUTION, ETC.
Date of publication, distribution, etc. 1967
300 ## - PHYSICAL DESCRIPTION
Extent 67გვ.20სმ.
653 ## - INDEX TERM--UNCONTROLLED
Uncontrolled term ყვავილთ ქება
942 ## - ADDED ENTRY ELEMENTS (KOHA)
Koha item type წიგნი
ეგზემპლარები
Withdrawn status Lost status Damaged status Not for loan Date acquired Barcode Date last seen Price effective from Koha item type
        2018-12-17 37911 2018-12-17 2018-12-17 წიგნი
        2018-12-17 37912 2018-12-17 2018-12-17 წიგნი